00402pab a2200133 454500008004000000100001900040245010500059260000900164300001500173362000800188650001800196700002100214773003300235180718b2003 xxu||||| |||| 00| 0 eng d aWheaton, Blair aSpace meets time: integrating temporal and contextual influences on mental health in early adulthood c2003 ap.680-706. aOct aMental health aClarke, Philippa aAmerican Sociological Review